Statistiques concernant Prénoms dans noms de pays

Cliquez ici pour prendre le quiz!

Statistiques générales

  • Ce quiz a été pris 383 fois
  • Le résultat moyen est 8 sur 12

Statistiques - réponses

PrenomPays% Correct
MauriceÎle Maurice
93%
LucieSainte-Lucie
85%
VincentSaint-Vincent-et-les-
Grenadines
84%
DominiqueDominique
81%
ChristopheSaint-Christophe-
et-Niévès
79%
WandaRwanda
71%
GuyGuyana
61%
RoyRoyaume-Uni
56%
LeonSierra Leone
44%
AdaCanada / Madagascar
43%
TomSao Tomé-et-Principe
32%
InesPhilippines
28%

Distribution des résultats

Percentile par nombre de réponses

% des personnes avec chaque résultat

Votre développement - résultats

Vous n’avez pas pris ce quiz